| 000 | 00417cam a2200169ua 4500 | ||
|---|---|---|---|
| 020 | _c2.25 | ||
| 041 |
_amal _h |
||
| 082 |
_a894.8124 _bPUR/MA |
||
| 100 | _aPurushothaman Pillai, P G . | ||
| 245 |
_aMaarivillu / _cP G Purushothaman Pillai. _hTextual Documents |
||
| 260 |
_aThrissur : _bCurrent Books , _c1958. |
||
| 300 | _a183 ; . | ||
| 365 | _a2.25 | ||
| 504 | _a | ||
| 942 | _cBK | ||
| 999 |
_c5932 _d5932 |
||